000 00947cam a2200289 4500
001 M2302
008 090401t1995 xxu||||| |||| 00| 0 eng d
035 _a(Sirsi) u37693
041 _aeng
050 _a690.241
090 _aRICS 1995/130A
100 _aGlover, Richard
245 _aTerms of engagement for historic buildings.
260 _aLondon
_bRICS
_c1995
300 _a(4)p. ; 30cm.
350 _a0
490 _aRICS Building Conservation Note
_v5
520 _aPublished in Building Conservation Journal (13) Winter 1995. Prepared in conjunction with the Building Conservation Skills Panel.
650 _aBUILDING CONSERVATION SKILLS PANEL
650 _aBUILT ENVIRONMENT-BUILDING INSPECTION
650 _aCONDITIONS OF ENGAGEMENT
650 _aHISTORIC BUILDINGS
690 _aBUILT ENVIRONMENT-BUILDING INSPECTION
710 _aRoyal Institution of Chartered Surveyors
_94900
942 _n0
948 _c04/03/1997
999 _c90524
_d90524